The arousal-performance relationship : performance measures and task characteristics in track and field athletics /

Bibliographic Details
Main Author: Ebbeck, Vicki, 1961-
Format: Thesis Microform Book
Language:English
Published: [Place of publication not identified] : [publisher not identified] ; 1986.
Subjects:

MARC

Tag First Indicator Second Indicator Subfields
LEADER 00000cam a2200000 a 4500
001 in00000017945
005 20151007053114.0
007 he bmb|||||||
008 880128r19871986orua bb 00010 eng d
035 |a (OCoLC)17405360 
035 |9 AAB0424AM 
040 |a ORU  |c INT  |d INT  |d HPE  |d OCL  |d TXA  |d UtOrBLW 
049 |a TXAI 
099 |a fiche  |a C  |a 10414 
100 1 |a Ebbeck, Vicki,  |d 1961- 
245 1 4 |a The arousal-performance relationship :  |b performance measures and task characteristics in track and field athletics /  |c by Vicki Ebbeck. 
264 1 |a [Place of publication not identified] :  |b [publisher not identified] ;  |c 1986. 
300 |a x, 80 leaves :  |b illustrations 
336 |a text  |b txt  |2 rdacontent 
337 |a microform  |b h  |2 rdamedia 
338 |a microfiche  |b he  |2 rdacarrier 
502 |b M.S.  |c University of Oregon  |d 1986. 
500 |a Vita. 
504 |a Bibliography: leaves 76-80. 
533 |a Microfiche.  |b Eugene :  |c Microform Publications, College of Human Development and Performance, University of Oregon,  |d 1987.  |e 1 microfiche : negative ; 11 x 15 cm. 
500 |a Microform. 
650 0 |a Sports  |x Psychological aspects. 
650 0 |a Arousal (Physiology) 
650 0 |a Track and field athletes  |x Psychology. 
650 0 |a Competition (Psychology) in youth. 
999 |a MARS 
999 f f |s 6a23b806-1ff8-3b6e-85ee-5c310628da11  |i a7823af2-2eee-3cbe-bee0-d2ee3bdee411  |t 0 
952 f f |p default  |a Texas A&M University  |b College Station  |c Sterling C. Evans Library  |d Evans: Microforms (3rd floor)  |t 0  |e fiche C 10414  |h Other scheme  |i microform -- microfiche 
998 f f |a fiche C 10414  |t 0  |l Evans: Microforms (3rd floor)